Banská Bystrica mesto SNP

Zobrazenie: Pohľad cez zvláštne tvarované okno na Hodinovú vežu a na mestský hrad a kostol Nanebovzatia Panny Márie, ktoré sa nachádzajú za ňou. V diaľke sú kopce

Bibliographic Details
Format: Photo
Language:Slovak
PhysicalDescription:1 pohľadnica farebná 18 × 11 cm
Published: Banská Bystrica Slovakotour 1969
Subjects:

MARC

LEADER 00000nkm a2200000 a 4500
001 vtls012063118
003 SK-MaSNL
005 20260301104142.0
007 kf co
008 231121s1969 xo g 0kuslo
015 |a SNBG2002/03-01289 
040 |a SNK  |b slo  |c SNK  |e AACR2 
041 0 |a slo 
043 |a e-xo--- 
044 |a xo  |c SK 
072 7 |a 913  |x Regionálna geografia  |2 konspekt 
080 |a 913(437.6)  |2 2011 
080 |a 728.81  |2 2011 
080 |a 726:27-523.42  |2 2011 
080 |a 725/726.012.28  |2 2011 
080 |a 721  |2 2011 
080 |a 904(084.121)  |2 2011 
245 0 0 |a Banská Bystrica  |h grafika  |b mesto SNP 
260 |a Banská Bystrica  |b Slovakotour  |c 1969 
300 |a 1 pohľadnica  |b farebná  |c 18 × 11 cm 
500 |a Názvové údaje prevzaté z obrazovej časti pohľadnice 
520 8 |a Zobrazenie: Pohľad cez zvláštne tvarované okno na Hodinovú vežu a na mestský hrad a kostol Nanebovzatia Panny Márie, ktoré sa nachádzajú za ňou. V diaľke sú kopce 
610 2 7 |a Kostol Nanebovzatia Panny Márie (Banská Bystrica, Slovensko)  |2 SNKKA  |9 171768 
610 1 7 |a Banská Bystrica (Slovensko : hrad)  |2 SNKKA  |9 165891 
650 0 7 |a kultúrne pamiatky  |2 SNKPH  |9 2862 
650 0 7 |a Hodinová veža (Banská Bystrica, Slovensko)  |2 SNKPH  |9 259089 
650 0 7 |a veže  |2 SNKPH  |9 30797 
650 0 7 |a budovy  |2 SNKPH  |9 1283 
650 0 7 |a kostoly  |2 SNKPH  |9 3023 
650 0 7 |a hrady  |2 SNKPH  |9 3039 
651 7 |a Banská Bystrica (Slovensko)  |2 SNKPHgeo  |9 22015 
655 7 |a miestne pohľadnice  |2 SNKPH  |9 70510 
655 7 |a pohľadnice kultúrnych pamiatok  |2 SNKPH  |9 70523 
958 |a GBN 
958 |a GC 
958 |a OND 
958 |a EUIPO 
999 |c 697371  |d 699301 
952 |a SNK  |b SNK  |y PREZ  |7 0  |p 17A1211636  |o snkSP 11642  |8 0  |0 0  |1 0  |4 0  |d 2021-07-26  |f 1  |l 0  |r 2026-02-23 20:46:27  |w 2026-02-23